Sorting / (Record no. 8259)

MARC details
000 -LEADER
fixed length control field 00864nam a22002897a 4500
001 - CONTROL NUMBER
control field 8259
003 - CONTROL NUMBER IDENTIFIER
control field FISKH
005 - DATE AND TIME OF LATEST TRANSACTION
control field 20250905105456.0
008 - FIXED-LENGTH DATA ELEMENTS--GENERAL INFORMATION
fixed length control field 250905b cb ||||| |||| 00| 0 eng d
020 ## - INTERNATIONAL STANDARD BOOK NUMBER
International Standard Book Number 9780516454580
040 ## - CATALOGING SOURCE
Original cataloging agency FISKH
Language of cataloging eng
Transcribing agency FISKH
Modifying agency FISKH
050 ## - LIBRARY OF CONGRESS CALL NUMBER
Classification number QA248.P58
082 ## - DEWEY DECIMAL CLASSIFICATION NUMBER
Classification number 511.32
100 ## - MAIN ENTRY--PERSONAL NAME
Personal name Pluckrose, Henry
245 ## - TITLE STATEMENT
Title Sorting /
Statement of responsibility, etc. By Henry Pluckrose ; Mathematics Consultant: Ramona G.Choos, Professor of Mathematics
250 ## - EDITION STATEMENT
Edition statement This edition first published in 1994
260 ## - PUBLICATION, DISTRIBUTION, ETC.
Place of publication, distribution, etc. London :
Name of publisher, distributor, etc. Children,
Date of publication, distribution, etc. 1994
300 ## - PHYSICAL DESCRIPTION
Extent 31 pages :
Other physical details color illustrations ;
Dimensions 22 cm
505 ## - FORMATTED CONTENTS NOTE
Formatted contents note L<br/>
520 ## - SUMMARY, ETC.
Summary, etc. Explains to the reader about mathematical sorting"--<br/>
521 8# - TARGET AUDIENCE NOTE
Target audience note 510<br/>
Source Lexile<br/>
521 8# - TARGET AUDIENCE NOTE
Target audience note L<br/>
Source Raz-Plus<br/>
650 ## - SUBJECT ADDED ENTRY--TOPICAL TERM
Source of heading or term Sorting
Topical term or geographic name entry element Classification
650 ## - SUBJECT ADDED ENTRY--TOPICAL TERM
Source of heading or term Math
Topical term or geographic name entry element Grouping
942 ## - ADDED ENTRY ELEMENTS (KOHA)
Source of classification or shelving scheme Dewey Decimal Classification
Koha item type Books
Suppress in OPAC No
Holdings
Withdrawn status Lost status Source of classification or shelving scheme Damaged status Not for loan Collection Home library Current library Shelving location Date acquired Total Checkouts Full call number Barcode Date last seen Copy number Price effective from Koha item type
    Dewey Decimal Classification     Juvenile Fiction Footprints International School Library Network Toul Tom Poung Campus Footprints International School Library Network Toul Tom Poung Campus TTP Primary Yellow Bookshelves 09/05/2025   PLU 511.32 QA248.P58 FISBK05985 09/05/2025 1 09/05/2025 Books
    Dewey Decimal Classification     Juvenile Fiction Footprints International School Library Network Toul Tom Poung Campus Footprints International School Library Network Toul Tom Poung Campus TTP Primary Yellow Bookshelves 11/10/2025   PLU 511.32 QA248.P58 FISBK05968 11/10/2025 2 11/10/2025 Books
    Dewey Decimal Classification     Juvenile Fiction Footprints International School Library Network Toul Tom Poung Campus Footprints International School Library Network Toul Tom Poung Campus TTP Primary Yellow Bookshelves 11/19/2025   PLU 511.32 QA248.P58 FISTK02362 11/19/2025 3 11/19/2025 Books